Řízení rizik v bankách a pojišťovnách

Informácia o aktuálnej situácii v oblasti riadenia rizík v bankách a poisťovacích inštitúciách. Charakteristika, analýza a porovnanie hlavných princípov regulácie podľa BASEL II a SOLVENCY II.

Na minha lista:
Detalhes bibliográficos
Autor principal: Valová, Ivana
Formato: Capítulo de Livro
Idioma:tcheco
Assuntos:
Tags: Adicionar Tag
Sem tags, seja o primeiro a adicionar uma tag!

MARC

LEADER 00000nla$a2200000$$$4500
001 0106923
005 20231121082147.0
041 0 |a cze 
044 |a SK 
245 1 0 |a Řízení rizik v bankách a pojišťovnách  |c Ivana Valová 
520 |a Informácia o aktuálnej situácii v oblasti riadenia rizík v bankách a poisťovacích inštitúciách. Charakteristika, analýza a porovnanie hlavných princípov regulácie podľa BASEL II a SOLVENCY II. 
610 2 0 |a bankopoisťovne 
610 2 0 |a riadenie rizík 
610 2 0 |a riziko bankové 
610 2 0 |a riziko poistné 
100 1 |a Valová, Ivana